[Event "World Junior U20 Girls 2018"]
[Site "Gebze"]
[Date "2018.09.10"]
[Round "6"]
[White "Ozbay, Ece"]
[Black "Hojjatova, Aydan"]
[Result "0-1"]
[WhiteElo "2114"]
[BlackElo "2356"]
[Annotator "NA"]
[PlyCount "122"]
[EventDate "2018.09.05"]
[EventType "swiss"]
[EventCountry "TUR"]
[SourceTitle "playchess.com"]
[Source "ChessBase"]
[SourceQuality "1"]
[TimeControl "40/5400+30:1800+30"]

1. e4 {[%emt 0:00:30]} e6 {[%emt 0:00:30]} 2. d4 {[%emt 0:00:30]} d5 {[%emt 0:00:30]} 3. Nd2 {[%emt 0:00:30]} c5 {[%emt 0:00:00]} 4. exd5 {[%emt 0:00:00]} exd5 {[%emt 0:00:00]} 5. Ngf3 {[%emt 0:00:00]} a6 {[%emt 0:00:00]} 6. dxc5 {[%emt 0:03:30]} Bxc5 {[%emt 0:00:00]} 7. Nb3 {[%emt 0:00:30]} Bb6 {[%emt 0:00:30]} 8. Be2 {[%emt 0:02:30] C08: French Tarrasch: 3...c5 4 exd5 exd5 sidelines} (8. Bd3 Qe7+ 9. Be2 Nf6 10. O-O O-O 11. Bg5 h6 12. Bh4 Nc6 13. c3 g5 14. Bg3 Ne4 15. Re1 Qf6 16. Qxd5 Nxg3 17. hxg3 {½-½ (41) Fedorchuk,S (2641)-Gurevich,M (2565) Paris 2017}) 8... Nf6 {[%emt 0:00:00]} 9. O-O {[%emt 0:01:30]} h6 {[%emt 0:00:00]} 10. c3 {[%emt 0:01:30]} O-O {[%emt 0:00:30]} 11. Nbd4 {[%emt 0:00:30]} Nc6 {[%emt 0:01:30]} 12. Be3 {[%emt 0:02:30]} Bc7 $146 {[%emt 0:01:30]} ({Predecessor:} 12... Re8 13. h3 Bd7 14. Re1 Rc8 15. Bd3 Na5 16. Nf5 {½-½ (16) Scholze,R (2035)-Kahn,M (2166) Dresden 2005}) 13. Qc1 {[%emt 0:01:30]} Re8 {[%emt 0:06:30]} 14. Bd3 {[%emt 0:03:30]} Ne4 {[%emt 0:03:30]} 15. Bf4 {[%emt 0:04:30]} Bb6 {[%emt 0:05:30]} 16. Re1 $1 {[%emt 0:18:30]} Qf6 {[%emt 0:08:30]} 17. Be3 {[%emt 0:05:30]} Bc7 {[%emt 0:00:30]} 18. c4 {[%emt 0:10:30]} Ne5 {[%emt 0:17:30]} 19. Qc2 $15 {[%emt 0:04:30]} Ba5 {[%emt 0:14:30]} 20. Nxe5 {[%emt 0:08:30]} Bxe1 {[%emt 0:03:30]} 21. Ndf3 {[%emt 0:04:30]} Bb4 {[%emt 0:02:30]} 22. Bd4 {[%emt 0:01:30]} Qe7 {[%emt 0:08:30]} 23. cxd5 {[%emt 0:04:30]} Nf6 {[%emt 0:02:30]} 24. a3 {[%emt 0:06:50]} Bd6 {[%emt 0:00:30]} 25. Re1 {[%emt 0:00:02]} Qc7 {[%emt 0:02:30]} 26. Qb3 {[%emt 0:12:50]} b5 {[%emt 0:02:32]} 27. a4 {[%emt 0:00:54]} bxa4 {[%emt 0:02:36]} 28. Qxa4 {[%emt 0:00:30]} Bb7 {[%emt 0:00:00]} 29. Bc4 {[%emt 0:00:48]} Bxd5 {[%emt 0:00:58]} 30. Bxd5 {[%emt 0:00:30]} Nxd5 {[%emt 0:00:30]} 31. Qb3 {[%emt 0:00:00]} Nf4 {[%emt 0:01:24]} 32. g3 {[%emt 0:01:25]} Ne6 {[%emt 0:04:54]} 33. Bc3 {[%emt 0:00:21]} Rab8 {[%emt 0:00:41]} 34. Qa4 {[%emt 0:00:39]} Qb7 {[%emt 0:01:20]} 35. Rd1 {[%emt 0:00:27]} Bxe5 {[%emt 0:05:16]} 36. Nxe5 {[%emt 0:00:07]} Ng5 {[%emt 0:00:00]} 37. Rd7 {[%emt 0:00:55]} Qb6 {[%emt 0:03:39]} 38. Qg4 {[%emt 0:00:37]} Qe6 {[%emt 0:02:06]} 39. Qxe6 {[%emt 0:00:30]} Rxe6 {[%emt 0:00:31]} 40. f4 {[%emt 0:00:00]} Ne4 {[%emt 0:00:00]} 41. Bd4 {[%emt 0:05:35]} Rd6 {[%emt 0:01:33]} 42. Rxd6 {[%emt 0:01:30]} Nxd6 {[%emt 0:00:30]} 43. Nc6 {[%emt 0:00:30]} Rb3 {[%emt 0:00:30]} 44. Bc3 {[%emt 0:01:30]} Nc4 {[%emt 0:04:30]} 45. Nd4 {[%emt 0:00:30]} Rb7 {[%emt 0:00:30]} 46. b4 {[%emt 0:00:30]} Nd6 {[%emt 0:05:30]} 47. Be1 {[%emt 0:01:30]} Ne4 {[%emt 0:00:30]} 48. Kf1 {[%emt 0:02:30]} Rd7 {[%emt 0:00:30]} 49. Nb3 {[%emt 0:01:40]} Rd3 {[%emt 0:00:30]} 50. Na5 {[%emt 0:00:28]} f6 {[%emt 0:01:30]} 51. Ke2 {[%emt 0:00:28]} Ra3 {[%emt 0:00:30]} 52. Nc4 {[%emt 0:01:34]} Ra1 {[%emt 0:00:30]} 53. h4 {[%emt 0:02:09]} Kf7 {[%emt 0:00:30]} 54. Ne3 {[%emt 0:00:18]} Ke6 {[%emt 0:00:30]} 55. Nc4 {[%emt 0:00:36]} Rc1 {[%emt 0:01:30]} 56. Ne3 {[%emt 0:00:52]} f5 {[%emt 0:00:30]} 57. h5 {[%emt 0:00:44]} Nf6 {[%emt 0:02:40]} 58. Bd2 {[%emt 0:01:04]} Rc8 {[%emt 0:00:08]} 59. Kf3 {[%emt 0:01:05]} Nxh5 {[%emt 0:00:35]} 60. Be1 {[%emt 0:00:46]} Nf6 {[%emt 0:00:08]} 61. Ke2 {[%emt 0:00:10]} g5 {[%emt 0:00:42]} 0-1

[Event "World Junior U20 Girls 2018"]
[Site "Gebze"]
[Date "2018.09.10"]
[Round "6"]
[White "Dwilewicz, Katarzyna"]
[Black "Altantuya, Boldbaatar"]
[Result "0-1"]
[WhiteElo "2081"]
[BlackElo "2210"]
[Annotator "NA"]
[PlyCount "78"]
[EventDate "2018.09.05"]
[EventType "swiss"]
[EventCountry "TUR"]
[SourceTitle "playchess.com"]
[Source "ChessBase"]
[SourceQuality "1"]
[TimeControl "40/5400+30:1800+30"]

1. e4 {[%emt 0:00:30]} c5 {[%emt 0:00:30]} 2. Nf3 {[%emt 0:00:00]} e6 {[%emt 0:00:30]} 3. d4 {[%emt 0:00:00]} cxd4 {[%emt 0:00:30]} 4. Nxd4 {[%emt 0:00:30]} Nf6 {[%emt 0:00:00]} 5. Nc3 {[%emt 0:00:30]} d6 {[%emt 0:00:00]} 6. Be2 {[%emt 0:00:00]} a6 {[%emt 0:00:30]} 7. f4 {[%emt 0:01:00]} Nc6 {[%emt 0:02:30]} 8. Be3 {[%emt 0:00:30]} Be7 {[%emt 0:01:30]} 9. O-O {[%emt 0:00:30]} Qc7 {[%emt 0:00:30]} 10. Qe1 {[%emt 0:01:30]} O-O {[%emt 0:02:30]} 11. Qg3 {[%emt 0:02:30]} Kh8 {[%emt 0:04:30]} 12. Kh1 {[%emt 0:01:30]} Bd7 {[%emt 0:00:30]} 13. Rae1 {[%emt 0:02:30]} b5 {[%emt 0:02:30]} 14. a3 {[%emt 0:05:30]} Rab8 {[%emt 0:06:30] LiveBook: 14 Games} 15. Nxc6 {[%emt 0:14:30] B85: Sicilian Scheveningen: 6 Be2 a6, lines with early Be3} (15. e5 dxe5 16. Nxc6 Bxc6 17. fxe5 Ne4 18. Nxe4 Bxe4 19. c3 Rbd8 20. Bh5 Bf5 21. Qf2 Rc8 22. Bb6 Bc5 23. Bxc7 Bxf2 24. Rxf2 Rxc7 {0-1 (73) Forcen Esteban,D (2539)-Cori Tello,J (2549) Sitges 2015}) 15... Bxc6 {[%emt 0:00:30]} 16. Bd3 {[%emt 0:01:30]} b4 {[%emt 0:03:30]} 17. axb4 {[%emt 0:04:30]} Rxb4 {[%emt 0:00:30]} 18. Bc1 {[%emt 0:02:30]} a5 $146 {[%emt 0:28:30]} ({Predecessor:} 18... Qb7 19. Qf3 g6 20. b3 d5 21. exd5 Nxd5 22. Nxd5 Bxd5 {1-0 (63) Bellia,F (2392)-Lava,G (2232) Bratto 2006}) 19. b3 $1 {[%emt 0:06:30]} Ba8 {[%emt 0:15:30]} 20. Bd2 {[%emt 0:08:30]} Rbb8 {[%emt 0:04:30]} 21. Qh3 {[%emt 0:08:30]} d5 {[%emt 0:05:50]} 22. exd5 {[%emt 0:11:30]} exd5 $16 {[%emt 0:00:12]} 23. Nb5 {[%emt 0:00:30]} Qd8 {[%emt 0:07:07]} 24. Re5 {[%emt 0:02:30]} g6 {[%emt 0:08:52]} 25. Bc3 {[%emt 0:03:30]} Kg8 {[%emt 0:02:18]} 26. Bd4 {[%emt 0:11:55]} Ne4 {[%emt 0:01:38]} 27. Rxe7 {[%emt 0:05:59]} Qxe7 {[%emt 0:00:48]} 28. f5 {[%emt 0:00:06]} f6 {[%emt 0:00:08]} 29. Qg4 {[%emt 0:01:07]} Qg7 {[%emt 0:00:57]} 30. fxg6 {[%emt 0:01:39]} hxg6 {[%emt 0:00:28]} 31. c4 {[%emt 0:01:46]} dxc4 {[%emt 0:00:35]} 32. bxc4 {[%emt 0:01:04]} Rbe8 {[%emt 0:00:16]} 33. c5 {[%emt 0:00:00]} Bc6 {[%emt 0:00:27]} 34. Qh4 {[%emt 0:00:55]} Qh7 {[%emt 0:00:22]} 35. Bc4+ {[%emt 0:01:01]} Kh8 {[%emt 0:00:12]} 36. Rxf6 {[%emt 0:00:12]} Qxh4 {[%emt 0:01:09]} 37. Rxf8+ {[%emt 0:00:51]} Kh7 {[%emt 0:00:05]} 38. Bg8+ {[%emt 0:00:44]} Kh6 {[%emt 0:00:03]} 39. Be3+ {[%emt 0:00:19]} Ng5 {[%emt 0:00:06]} 0-1

[Event "World Junior U20 Girls 2018"]
[Site "Gebze"]
[Date "2018.09.10"]
[Round "6"]
[White "Nurgali, Nazerke"]
[Black "Georgescu, Lena"]
[Result "1-0"]
[WhiteElo "2080"]
[BlackElo "2195"]
[Annotator "NA"]
[PlyCount "77"]
[EventDate "2018.09.05"]
[EventType "swiss"]
[EventCountry "TUR"]
[SourceTitle "playchess.com"]
[Source "ChessBase"]
[SourceQuality "1"]
[TimeControl "40/5400+30:1800+30"]

1. d4 {[%emt 0:00:30]} Nf6 {[%emt 0:00:30]} 2. c4 {[%emt 0:00:30]} e6 {[%emt 0:00:00]} 3. g3 {[%emt 0:00:00]} d5 {[%emt 0:00:00]} 4. Nf3 {[%emt 0:01:00]} Bb4+ {[%emt 0:00:00]} 5. Bd2 {[%emt 0:00:00]} Be7 {[%emt 0:00:00]} 6. Bg2 {[%emt 0:01:00]} O-O {[%emt 0:00:30]} 7. O-O {[%emt 0:00:30]} c6 {[%emt 0:00:00]} 8. Qc2 {[%emt 0:00:30]} b6 {[%emt 0:00:00]} 9. Nc3 {[%emt 0:04:30] E11: Bogo-Indian} (9. Rd1 Ba6 10. b3 Nbd7 11. Bf4 Rc8 12. Nc3 Nh5 13. Bc1 f5 14. e3 Bd6 15. a4 Nhf6 16. Ne2 c5 17. Nf4 Qe7 18. cxd5 cxd4 19. Qb2 dxe3 20. Nxe6 exf2+ 21. Qxf2 {0-1 (35) Sarana,A (2613)-Jakovenko,D (2748) Satka 2018}) 9... Ba6 {[%emt 0:07:30]} 10. cxd5 {[%emt 0:05:30]} cxd5 {[%emt 0:00:30]} 11. Rfd1 $146 {[%emt 0:06:30]} ({Predecessor:} 11. Rac1 Nbd7 12. Bf4 b5 13. a4 b4 14. Nb5 Qa5 15. Ne5 Nxe5 16. dxe5 {½-½ (52) Hess,R (2639)-Mitkov,N (2527) Philadelphia 2012}) 11... Nc6 {[%emt 0:10:30]} 12. Bf4 {[%emt 0:05:30]} Bb7 {[%emt 0:10:30]} 13. Rac1 {[%emt 0:03:30]} Rc8 {[%emt 0:02:30]} 14. Ne5 {[%emt 0:06:30]} Nh5 {[%emt 0:03:30]} 15. Be3 {[%emt 0:01:30]} a6 {[%emt 0:05:30]} 16. Bf3 {[%emt 0:05:30]} Nf6 {[%emt 0:00:30]} 17. Bf4 {[%emt 0:00:30]} b5 {[%emt 0:03:30]} 18. Qd3 {[%emt 0:03:30]} Qa5 {[%emt 0:26:30]} 19. a3 {[%emt 0:03:30]} Nxe5 {[%emt 0:05:30]} 20. dxe5 $11 {[%emt 0:03:30]} Nd7 {[%emt 0:00:30]} 21. b4 {[%emt 0:03:30]} Qd8 {[%emt 0:05:35]} 22. h4 {[%emt 0:01:30]} Rc4 {[%emt 0:01:59]} 23. e4 {[%emt 0:04:30]} Nb6 {[%emt 0:03:02]} 24. exd5 {[%emt 0:01:30]} exd5 {[%emt 0:01:11]} 25. Nxd5 {[%emt 0:03:30]} Bxd5 {[%emt 0:01:34]} 26. Bxd5 {[%emt 0:00:00]} Rxc1 {[%emt 0:00:05]} 27. Bxc1 {[%emt 0:00:00]} Qxd5 {[%emt 0:01:01]} 28. Qxd5 {[%emt 0:00:30]} Nxd5 {[%emt 0:00:30]} 29. Rxd5 {[%emt 0:00:00]} Rc8 {[%emt 0:03:42]} 30. Be3 {[%emt 0:01:00]} Kf8 {[%emt 0:01:07]} 31. Rd7 {[%emt 0:02:30]} Ra8 {[%emt 0:04:26]} 32. Rb7 {[%emt 0:01:30]} Ke8 {[%emt 0:00:48]} 33. Kg2 {[%emt 0:00:30]} h5 {[%emt 0:02:04]} 34. Kf3 {[%emt 0:01:30]} Rc8 {[%emt 0:00:41]} 35. Ra7 {[%emt 0:01:30]} Rc6 {[%emt 0:00:48]} 36. Ke4 {[%emt 0:00:30]} Bd8 {[%emt 0:00:38]} 37. Kd5 {[%emt 0:01:30]} Re6 {[%emt 0:00:04]} 38. Bc5 {[%emt 0:01:30]} g6 {[%emt 0:00:21]} 39. f4 {[%emt 0:01:30]} 1-0

[Event "World Junior U20 Girls 2018"]
[Site "Gebze"]
[Date "2018.09.10"]
[Round "6"]
[White "Lingur, Zalina"]
[Black "Vujcic, Milena"]
[Result "1-0"]
[WhiteElo "2061"]
[BlackElo "1955"]
[Annotator "NA"]
[PlyCount "99"]
[EventDate "2018.09.05"]
[EventType "swiss"]
[EventCountry "TUR"]
[SourceTitle "playchess.com"]
[Source "ChessBase"]
[SourceQuality "1"]
[TimeControl "40/5400+30:1800+30"]

1. e4 {[%emt 0:00:30]} e5 {[%emt 0:00:30]} 2. Nf3 {[%emt 0:00:00]} Nc6 {[%emt 0:00:30]} 3. Bc4 {[%emt 0:00:00]} Bc5 {[%emt 0:00:00]} 4. c3 {[%emt 0:00:30]} Nf6 {[%emt 0:00:00]} 5. d3 {[%emt 0:00:00]} d6 {[%emt 0:00:30]} 6. O-O {[%emt 0:00:00]} O-O {[%emt 0:00:00]} 7. a4 {[%emt 0:00:30]} a6 {[%emt 0:01:00]} 8. Nbd2 {[%emt 0:01:30] C54: Giuoco Piano: 4 c3 Nf6, main lines with 5 d4 and 5 d3} Ba7 {[%emt 0:03:30]} 9. Bb3 {[%emt 0:02:30]} Ne7 {[%emt 0:00:30]} 10. h3 {[%emt 0:00:30]} Ng6 {[%emt 0:00:00]} 11. Re1 {[%emt 0:00:30]} h6 {[%emt 0:01:00]} 12. Nf1 {[%emt 0:00:30]} c6 {[%emt 0:02:30]} 13. Ng3 {[%emt 0:04:30]} d5 {[%emt 0:03:30]} 14. exd5 {[%emt 0:04:30]} Nxd5 {[%emt 0:00:30]} 15. d4 {[%emt 0:06:30]} exd4 {[%emt 0:00:30]} 16. Nxd4 {[%emt 0:00:30] [#]} Kh8 $146 {[%emt 0:03:30]} ({Predecessor:} 16... Bb6 17. Bc4 Rb8 18. Qc2 Bxd4 19. cxd4 {½-½ (41) Svidler,P (2745)-Jakovenko,D (2714) Novosibirsk 2016}) 17. a5 {[%emt 0:26:30]} Bb8 {[%emt 0:25:30]} 18. Ndf5 {[%emt 0:12:30]} Be6 {[%emt 0:13:30]} 19. Qd4 {[%emt 0:11:30]} Bxf5 {[%emt 0:10:30]} 20. Nxf5 {[%emt 0:01:30]} Qf6 {[%emt 0:00:30]} 21. Qxf6 {[%emt 0:04:30]} Nxf6 {[%emt 0:00:30]} 22. Be3 {[%emt 0:01:53]} Ba7 $18 {[%emt 0:11:30]} 23. Bxa7 {[%emt 0:01:57]} Rxa7 {[%emt 0:00:00]} 24. Rad1 {[%emt 0:01:59]} Raa8 {[%emt 0:04:50]} 25. Nd6 {[%emt 0:01:10]} Kg8 {[%emt 0:00:45]} 26. Rd4 {[%emt 0:08:20]} c5 {[%emt 0:04:47]} 27. Rdd1 {[%emt 0:04:51]} Rab8 {[%emt 0:00:46]} 28. Nc4 {[%emt 0:00:25]} Rfd8 {[%emt 0:00:00]} 29. g3 {[%emt 0:00:25]} Kf8 {[%emt 0:04:19]} 30. Kg2 {[%emt 0:03:26]} Ne7 {[%emt 0:03:16]} 31. Ne5 {[%emt 0:00:29]} Nfd5 {[%emt 0:00:56]} 32. Bc4 {[%emt 0:00:49]} b5 {[%emt 0:02:21]} 33. Bxd5 {[%emt 0:00:18]} Nxd5 {[%emt 0:00:53]} 34. Nc6 {[%emt 0:00:01]} Rbc8 {[%emt 0:00:23]} 35. Nxd8 {[%emt 0:00:30]} Rxd8 {[%emt 0:00:00]} 36. b3 {[%emt 0:01:15]} Rd7 {[%emt 0:00:26]} 37. c4 {[%emt 0:00:13]} bxc4 {[%emt 0:00:10]} 38. bxc4 {[%emt 0:00:30]} Nf6 {[%emt 0:00:00]} 39. Rxd7 {[%emt 0:00:09]} Nxd7 {[%emt 0:00:00]} 40. f4 {[%emt 0:00:00]} Nb8 {[%emt 0:00:00]} 41. Re5 {[%emt 0:04:20]} Nd7 {[%emt 0:01:38]} 42. Rd5 {[%emt 0:00:30]} Ke7 {[%emt 0:00:30]} 43. Kf3 {[%emt 0:00:30]} g6 {[%emt 0:02:30]} 44. g4 {[%emt 0:00:30]} Ke6 {[%emt 0:00:30]} 45. f5+ {[%emt 0:04:30]} Ke7 {[%emt 0:00:30]} 46. fxg6 {[%emt 0:01:30]} fxg6 {[%emt 0:00:30]} 47. h4 {[%emt 0:00:30]} Ke6 {[%emt 0:00:00]} 48. Kf4 {[%emt 0:01:30]} Nf6 {[%emt 0:01:00]} 49. Rxc5 {[%emt 0:00:30]} Kd6 {[%emt 0:00:30]} 50. Rc8 {[%emt 0:00:30]} 1-0

[Event "World Junior U20 Girls 2018"]
[Site "Gebze"]
[Date "2018.09.10"]
[Round "6"]
[White "Auvray, Honorine"]
[Black "Salah, Nadezhda"]
[Result "0-1"]
[WhiteElo "2050"]
[BlackElo "1918"]
[Annotator "NA"]
[PlyCount "58"]
[EventDate "2018.09.05"]
[EventType "swiss"]
[EventCountry "TUR"]
[SourceTitle "playchess.com"]
[Source "ChessBase"]
[SourceQuality "1"]
[TimeControl "40/5400+30:1800+30"]

1. d4 {[%emt 0:00:30]} Nf6 {[%emt 0:00:30]} 2. Bf4 {[%emt 0:00:00]} e6 {[%emt 0:00:30]} 3. e3 {[%emt 0:00:00]} c5 {[%emt 0:03:30]} 4. c3 {[%emt 0:01:30]} Be7 {[%emt 0:01:30]} 5. Nd2 {[%emt 0:00:30]} b6 {[%emt 0:01:30]} 6. Ngf3 {[%emt 0:00:30]} d6 {[%emt 0:00:30]} 7. Bd3 {[%emt 0:05:30]} Nh5 {[%emt 0:07:30] [#]} (7... O-O $11) 8. Bg3 {[%emt 0:01:30]} (8. Bxd6 $1 $16 Qxd6 9. Be4) 8... Nxg3 {[%emt 0:01:30]} 9. hxg3 {[%emt 0:00:30]} h6 {[%emt 0:00:00]} 10. Qe2 {[%emt 0:09:30]} Bb7 {[%emt 0:02:00]} 11. g4 {[%emt 0:05:30]} Nd7 {[%emt 0:06:30]} 12. a4 {[%emt 0:13:30]} a6 {[%emt 0:04:30]} 13. Ne4 {[%emt 0:21:30]} c4 {[%emt 0:11:30]} 14. Bc2 $11 {[%emt 0:00:30]} b5 {[%emt 0:03:30]} 15. g5 {[%emt 0:09:30]} d5 {[%emt 0:03:30]} 16. Ned2 {[%emt 0:01:30]} Bxg5 {[%emt 0:02:30]} 17. Nxg5 {[%emt 0:00:30]} Qxg5 {[%emt 0:00:00]} 18. f4 {[%emt 0:06:44]} Qe7 {[%emt 0:03:00]} 19. e4 {[%emt 0:00:48]} b4 {[%emt 0:09:30]} 20. e5 {[%emt 0:04:46]} b3 {[%emt 0:03:30]} 21. Bb1 {[%emt 0:00:05]} a5 {[%emt 0:13:55]} 22. f5 {[%emt 0:05:03]} O-O-O {[%emt 0:07:51]} 23. Nxc4 {[%emt 0:08:25]} dxc4 {[%emt 0:00:30]} 24. Qxc4+ {[%emt 0:00:30]} Kb8 {[%emt 0:00:00]} 25. Qxb3 {[%emt 0:02:21]} Qg5 {[%emt 0:00:07]} 26. Rg1 {[%emt 0:00:54]} Qe3+ {[%emt 0:00:46]} 27. Kf1 {[%emt 0:00:31]} Ka7 {[%emt 0:01:09]} 28. Bc2 {[%emt 0:00:47]} Rb8 {[%emt 0:01:07]} 29. Re1 {[%emt 0:00:39]} Ba6+ {[%emt 0:00:25]} 0-1

[Event "World Junior U20 Girls 2018"]
[Site "Gebze"]
[Date "2018.09.10"]
[Round "6"]
[White "Cramling Bellon, Anna"]
[Black "Duran, Esma Doga"]
[Result "1-0"]
[WhiteElo "2009"]
[BlackElo "1825"]
[Annotator "NA"]
[PlyCount "65"]
[EventDate "2018.09.05"]
[EventType "swiss"]
[EventCountry "TUR"]
[SourceTitle "playchess.com"]
[Source "ChessBase"]
[SourceQuality "1"]
[TimeControl "40/5400+30:1800+30"]

1. d4 {[%emt 0:00:30]} d5 {[%emt 0:01:30]} 2. c4 {[%emt 0:00:30]} c6 {[%emt 0:00:00]} 3. Nf3 {[%emt 0:00:00]} Nf6 {[%emt 0:00:00]} 4. Nc3 {[%emt 0:00:00]} e6 {[%emt 0:00:00]} 5. Bg5 {[%emt 0:00:00]} Be7 {[%emt 0:00:00]} 6. e3 {[%emt 0:00:00]} Nbd7 {[%emt 0:00:30]} 7. Bd3 {[%emt 0:05:30]} dxc4 {[%emt 0:00:30]} 8. Bxc4 {[%emt 0:00:00]} b5 {[%emt 0:00:30]} 9. Bd3 {[%emt 0:00:00]} Bb7 {[%emt 0:00:00]} 10. O-O {[%emt 0:00:30]} O-O {[%emt 0:00:00]} 11. a4 {[%emt 0:01:30] D60: Queen's Gambit Declined: Classical: Unusual White 7th moves} (11. Rc1 a6 12. Ne4 Nxe4 13. Bxe7 Nxf2 14. Bxh7+ Kh8 15. Rxf2 Qxe7 16. Be4 Rac8 17. Ne5 Nxe5 18. Qh5+ {1-0 (18) Li,C (2732)-Bacrot,A (2192) chess.com INT 2018}) 11... b4 {[%emt 0:00:30]} 12. Ne4 $146 {[%emt 0:04:30]} ({Predecessor:} 12. Bxf6 Bxf6 13. Ne4 Be7 14. Rc1 Rc8 15. Nc5 Nxc5 16. dxc5 Qa5 17. Nd4 Rfd8 18. Nb3 Qc7 {0-1 (49) Demel,P (2178)-Nuber,B (2349) Bayern 2014}) 12... Nxe4 {[%emt 0:04:30]} 13. Bxe7 {[%emt 0:00:30]} Qxe7 {[%emt 0:00:30]} 14. Bxe4 {[%emt 0:00:00]} f5 {[%emt 0:03:30]} 15. Bd3 {[%emt 0:04:00]} c5 {[%emt 0:03:30]} 16. Bb5 {[%emt 0:15:30]} Rfd8 {[%emt 0:15:30]} 17. Qe2 {[%emt 0:06:30]} Rac8 {[%emt 0:09:30]} 18. Rac1 {[%emt 0:11:30]} Nf6 {[%emt 0:12:30]} 19. h3 {[%emt 0:04:30]} Ne4 {[%emt 0:12:30]} 20. Ba6 $11 {[%emt 0:09:30]} Rd6 {[%emt 0:09:30]} 21. Bxb7 {[%emt 0:04:30]} Qxb7 {[%emt 0:00:30]} 22. Rfd1 {[%emt 0:03:30]} Rd5 {[%emt 0:14:47]} 23. Ne5 {[%emt 0:17:59]} cxd4 {[%emt 0:01:33]} 24. exd4 {[%emt 0:00:16]} Rdd8 {[%emt 0:07:26]} 25. Qe3 {[%emt 0:03:53]} Qd5 {[%emt 0:01:46]} 26. Rxc8 {[%emt 0:04:20]} Rxc8 {[%emt 0:00:00]} 27. Rc1 {[%emt 0:00:00]} Rxc1+ {[%emt 0:02:00]} 28. Qxc1 {[%emt 0:00:28]} h6 {[%emt 0:00:00]} 29. Qc8+ {[%emt 0:03:15]} Kh7 {[%emt 0:00:00]} 30. Nd7 {[%emt 0:00:52]} Nd6 {[%emt 0:01:26]} 31. Qb8 {[%emt 0:00:40]} h5 {[%emt 0:00:30]} 32. Qxa7 {[%emt 0:00:32]} Qe4 {[%emt 0:00:44]} 33. Nf6+ {[%emt 0:00:09]} 1-0

[Event "World Junior U20 Girls 2018"]
[Site "Gebze"]
[Date "2018.09.10"]
[Round "6"]
[White "Ayan, Bengu Sena"]
[Black "Sade, Defne"]
[Result "1-0"]
[WhiteElo "1976"]
[BlackElo "1826"]
[Annotator "NA"]
[PlyCount "65"]
[EventDate "2018.09.05"]
[EventType "swiss"]
[EventCountry "TUR"]
[SourceTitle "playchess.com"]
[Source "ChessBase"]
[SourceQuality "1"]
[TimeControl "40/5400+30:1800+30"]

1. d4 {[%emt 0:00:30]} d5 {[%emt 0:00:30]} 2. c4 {[%emt 0:00:00]} e6 {[%emt 0:00:00]} 3. Nf3 {[%emt 0:01:00]} Nf6 {[%emt 0:00:00]} 4. g3 {[%emt 0:00:30]} Be7 {[%emt 0:00:30]} 5. Bg2 {[%emt 0:00:30]} O-O {[%emt 0:00:00]} 6. Qc2 {[%emt 0:01:30]} c5 {[%emt 0:00:00]} 7. cxd5 {[%emt 0:02:30]} Nxd5 {[%emt 0:00:30]} 8. O-O {[%emt 0:04:30]} Qb6 {[%emt 0:08:30]} 9. Rd1 {[%emt 0:13:30]} ({White should try} 9. dxc5 $14 Qxc5 10. Qxc5 Bxc5 11. Nc3) 9... Nc6 $11 {[%emt 0:03:30]} (9... cxd4 $15 10. Nxd4 Nb4) 10. e3 {[%emt 0:08:30]} Rd8 {[%emt 0:07:30]} 11. Qe2 {[%emt 0:09:30]} Bd7 {[%emt 0:04:30]} 12. e4 {[%emt 0:08:30]} Nf6 {[%emt 0:03:30]} 13. d5 {[%emt 0:01:30]} Nb4 {[%emt 0:04:30]} 14. Nc3 {[%emt 0:02:30]} exd5 {[%emt 0:08:30]} 15. exd5 {[%emt 0:01:30]} Bd6 {[%emt 0:02:30]} 16. a3 {[%emt 0:02:30]} Re8 {[%emt 0:02:30]} 17. Be3 {[%emt 0:00:30]} Na6 {[%emt 0:01:30]} 18. Qc2 {[%emt 0:01:30]} Ng4 {[%emt 0:03:30]} 19. Re1 {[%emt 0:05:30]} Nxe3 {[%emt 0:10:30]} 20. fxe3 {[%emt 0:00:30]} c4 {[%emt 0:00:30]} 21. Ne4 {[%emt 0:09:30]} Bc5 {[%emt 0:09:30]} 22. Nxc5 {[%emt 0:03:30]} Nxc5 {[%emt 0:11:40]} 23. Qxc4 {[%emt 0:01:30]} Nb3 {[%emt 0:00:07]} 24. Rad1 {[%emt 0:00:36]} Rxe3 {[%emt 0:00:15]} 25. Kh1 {[%emt 0:02:45]} Rc8 {[%emt 0:09:06]} 26. Qf4 {[%emt 0:02:09]} Rce8 {[%emt 0:00:43]} 27. Rxe3 {[%emt 0:03:02]} Qxe3 {[%emt 0:00:20]} 28. Qc7 {[%emt 0:00:50]} Bh3 {[%emt 0:03:27]} 29. Qc2 {[%emt 0:04:29]} Nd4 {[%emt 0:01:22]} 30. Nxd4 {[%emt 0:03:36]} Qe1+ {[%emt 0:00:30]} 31. Bf1 {[%emt 0:00:06]} Qe3 {[%emt 0:04:56]} 32. Bxh3 {[%emt 0:00:59]} Qg5 {[%emt 0:00:19]} 33. Bg2 {[%emt 0:00:00]} 1-0